000 00712nam a2200205Ia 4500
003 GCL
008 140319s9999 xx 000 0 ara d
040 _aGCL /
_cGCL
082 0 4 _a811.1
_bب ط
100 1 _aبهيج مجيد القنطار
_vDesigner
_@
…صمــم
245 1 0 _aالطبيعتان الحية والصامتة فى الشعر الجاهلى /
_cبهيج مجيد القنطار
260 _a[S.N] :
_bمنشورات دار الافاق الجديدة ،
_c1986
300 _a838 ص
490 _a
650 0 4 _aالشعر العربى
650 0 4 _aالادب العربى
650 0 4 _aالعصر الجاهلى
650 0 4 _aدواوين وقصائد
942 _2ddc
_cBK
999 _c57847
_d57847